|
|
|
|
| LEADER |
00872nam a2200313 4500 |
| 001 |
DLU090069952 |
| 005 |
##20090521 |
| 040 |
# |
# |
|a DLU
|b eng
|
| 041 |
# |
# |
|a eng
|
| 044 |
# |
# |
|a US
|
| 100 |
# |
# |
|a Miller, Susan M.
|
| 245 |
# |
# |
|a Thomas Hardy and the impersonal lyric /
|c Susan M. Miller.
|
| 653 |
# |
# |
|a Criticism
|
| 653 |
# |
# |
|a Emotions in literature
|
| 653 |
# |
# |
|a Hardy, Thomas, 1840-1928
|
| 653 |
# |
# |
|a Interpretation
|
| 653 |
# |
# |
|a Knowledge
|
| 653 |
# |
# |
|a Poetry
|
| 653 |
# |
# |
|a The impersonal
|
| 773 |
# |
# |
|t Journal of Modern Literature
|g Vol. 30, no. 3 (Spring 2007), p. 95-115
|
| 920 |
# |
# |
|a Phòng Tạp chí -- Trung tâm Thông tin - Thư viện Trường Đại học Đà Lạt
|
| 994 |
# |
# |
|a DLU
|
| 900 |
# |
# |
|a True
|
| 911 |
# |
# |
|a Trương Bảo Trâm Anh
|
| 925 |
# |
# |
|a G
|
| 926 |
# |
# |
|a A
|
| 927 |
# |
# |
|a BB
|
| 980 |
# |
# |
|a Thư viện Trường Đại học Đà Lạt
|